000 01151cam a22003377a 4500
003 CHAP
005 20220329134118.0
008 971013s1994 r 00010 d
010 _a15557
011 _a16529
035 _a20609
040 _cCHAP
090 _aTesis
100 0 0 _aSánchez González, Norberto.
_9107561
245 1 3 _aEl cultivo de la caña de azúcar en suelos calcimórficos del área de influencia del Ingenio Atencingo
260 _aChapingo, Méx. :
_bEl autor,
_c1994
300 _a81 p.
_b: ilus.
_e+ 1 mapa
502 _aTesis (Ing. Agr. Esp. en Suelos) -- UACH. Departamento de Suelos
590 _aALEPH
_b10
_c20130110
_lUCH01
_h1237
590 _aBATCH-UPD
_b10
_c20130110
_lUCH01
_h1214
590 _aBATCH-UPD
_b10
_c20130410
_lUCH01
_h0752
590 _aBATCH-UPD
_b10
_c20130914
_lUCH01
_h0835
590 _aCONVERSION
_b10
_c20130109
_lUCH01
_h1310
650 1 4 _aCaña de azúcar
_zPuebla.
_918670
650 1 4 _aIngenio de Atencingo, Pue.
_958287
650 1 4 _aSuelos calcáreos.
_9110539
650 1 4 _aSuelos cañeros.
_9110540
901 _aBK
942 _cTESIS
949 _bBC
_cTES
_d-48113
_eTS1
_h30275
_i20609
_si
999 _c15557
_d15557